banner-ar

الاخلاق والسياسة عند ابن حزم / (Record no. 41303)

MARC details
000 -الفاتح
حقل البيانات ثابتة الطول 00562nam a2200181Ia 4500
008 - عناصر البيانات ثابتة الطول - معلومات عامة
حقل البيانات ثابتة الطول 140319s9999 xx 000 0 ara d
040 ## - مصدر الفهرسة
وكالة الفهرسة الأصلية GCL /
وكالة النسخ GCL
082 04 - رقم تصنيف ديوى العشرى
رقم التصنيف 189
رقم المادة ص ا
100 1# - المدخل الرئيسى - إسم شخصى
الإسم الشخصى صلاح الدين بسيونى رسلان
245 10 - بيان العنوان
العنوان الاخلاق والسياسة عند ابن حزم /
بيان المسئوليه,etc صلاح الدين بسيونى رسلان
300 ## - الوصف المادى
التعداد 431 ص
490 ## - بيان السلسلة
عنوان السلسلة كتاب
رقم المجلد/ التعيين التسلسلي 0
650 04 - المدخل الاضافى بالموضوع-مصطلح موضوعى
مصطلح موضوعي الفلسفة الاسلامية
650 04 - المدخل الاضافى بالموضوع-مصطلح موضوعى
مصطلح موضوعي طرق البحث
650 04 - المدخل الاضافى بالموضوع-مصطلح موضوعى
مصطلح موضوعي ابن حزم الاندلسى
942 ## - عناصر المدخل الإضافي( كوها)
مصدر التصنيف او مخطط الترفيف Dewey Decimal Classification
Koha [default] item type كتاب
Holdings
حالة التراجع حالة الفقد حالة تلف ليس للاعارة المكان المؤقت الموقع الحالى تاريخ الاكتساب اجمالي اﻻعارات رقم الطلب الباركود تاريخ اخر مشاهدة تاريخ تفعيل السعر نوع وعاء كوها
        مكتبة القاهرة الكبرى مكتبة القاهرة الكبرى 03/26/2014   189\ص ا 99555 03/26/2014 03/26/2014 كتاب

Powered By

EGPV